Report Of The Finance Committee On The Mixed Credit Facility Agreement Between The Government Of The Republic Of Ghana Represented By The Ministry Of Finance And Africa Development Fund For An Amount Of Five Million, Three Hundred Thousand Units Of Accounts (UA5.3 Million) Comprising A Concessional Loan Amount Of UA 3.2 Million And A Grant Amount Of UA 2.1 Million To Finance The Strengthening Institutional Capacity For Domestic Resource Mobilization And Economic Management Project (Record no. 5383)

MARC details
000 -LEADER
fixed length control field 00972nam a22001697a 4500
003 - CONTROL NUMBER IDENTIFIER
control field OSt
005 - DATE AND TIME OF LATEST TRANSACTION
control field 20250710093951.0
008 - FIXED-LENGTH DATA ELEMENTS--GENERAL INFORMATION
fixed length control field 250710b |||||||| |||| 00| 0 eng d
041 ## - LANGUAGE CODE
Language code of text/sound track or separate title English
082 ## - DEWEY DECIMAL CLASSIFICATION NUMBER
Classification number Acc. No. 11,285 CR/ADF/20
110 ## - MAIN ENTRY--CORPORATE NAME
Corporate name or jurisdiction name as entry element Finance Committee
245 ## - TITLE STATEMENT
Title Report Of The Finance Committee On The Mixed Credit Facility Agreement Between The Government Of The Republic Of Ghana Represented By The Ministry Of Finance And Africa Development Fund For An Amount Of Five Million, Three Hundred Thousand Units Of Accounts (UA5.3 Million) Comprising A Concessional Loan Amount Of UA 3.2 Million And A Grant Amount Of UA 2.1 Million To Finance The Strengthening Institutional Capacity For Domestic Resource Mobilization And Economic Management Project
260 ## - PUBLICATION, DISTRIBUTION, ETC.
Place of publication, distribution, etc. Accra
Name of publisher, distributor, etc. Parliament Of Ghana
Date of publication, distribution, etc. 20202
300 ## - PHYSICAL DESCRIPTION
Extent 8P
653 ## - INDEX TERM--UNCONTROLLED
Uncontrolled term Strengthening Institutional Capacity For Domestic Resource Mobilization And Economic Management Project
942 ## - ADDED ENTRY ELEMENTS (KOHA)
Source of classification or shelving scheme Dewey Decimal Classification
Koha item type Committee Reports
Suppress in OPAC No
Holdings
Withdrawn status Lost status Source of classification or shelving scheme Damaged status Not for loan Home library Current library Shelving location Date acquired Total checkouts Full call number Date last seen Copy number Price effective from Koha item type
    Dewey Decimal Classification     Main Library Main Library Open Shelves 10/07/2025   Acc. No. 11,285 CR/ADF/20 10/07/2025 1 10/07/2025 Committee Reports
    Dewey Decimal Classification     Main Library Main Library Open Shelves 10/07/2025   Acc. No. 11,286 CR/ADF/20 10/07/2025 2 10/07/2025 Committee Reports
    Dewey Decimal Classification     Main Library Main Library Open Shelves 10/07/2025   Acc. No. 11,287 CR/ADF/20 10/07/2025 3 10/07/2025 Committee Reports
    Dewey Decimal Classification     Main Library Main Library Open Shelves 10/07/2025   Acc. No. 11,288 CR/ADF/20 10/07/2025 4 10/07/2025 Committee Reports
©2026  Parliament of Ghana Library - All rights reserved